Republic of Ireland counties-County Wicklow - Statistics

General Stats
  • This quiz has been taken 8 times
  • The average score is 10 of 15
Answer Stats
Hint Answer % Correct
Popular seaside resort and affluent commuter town which is the largest settlement in the county Bray
100%
Singer from Newcastle, known for songs such as Take Me to Church, Too Sweet and Someone New Hozier
100%
County nickname, deriving from its lush, beautiful scenery and proximity to Dublin Garden of Ireland
88%
Glacial valley housing a famous ruined monastic settlement founded by St Kevin, sandwiched between two lakes Glendalough
88%
With 25 wins in multiple sporting events, including the Olympics, this lightweight boxer is considered one of the very best in the world Katie Taylor
88%
Town with the longest name of any in Ireland Newtownmountkennedy
75%
Country estate home to a manor house, landscape gardens, a waterfall and a luxury hotel; Stanley Kubrick's Barry Lyndon and the historical drama Vikings were both filmed here Powerscourt Estate
63%
Current Tánaiste, originally from Greystones; held the office of Taoiseach from 2024 to 2025 Simon Harris
63%
Beach and sand dunes popular with visitors from Dublin; the prestigious European Club golf course is located nearby Brittas Bay
50%
At 925 metres in height, this is the highest mountain in Leinster, and the highest in Ireland outside County Kerry Lugnaquilla
50%
Georgian mansion built for the 1st Earl of Milltown in the mid eighteenth century; it is renowned for its large art collection, which has been robbed several times Russborough House
50%
Quaint, peaceful riverside village best known as the filming location for the BBC series Ballykissangel Avoca
38%
Standup comedian, best known for his roles in Mock the Week and The Panel, born in the county town Dara Ó Briain
38%
Wooded glacial valley and nature reserve which is crossed by the N11 dual carriageway Glen of the Downs
38%
Planned Victorian estate village popular with tourists Enniskerry
25%
No matching quizzes found
Score Distribution
Percent of People with Each Score
Percentile by Number Answered
Your Score History
You have not taken this quiz